<?xml version="1.0" encoding="UTF-8"?>
<collection xmlns="http://www.loc.gov/MARC21/slim">
  <record>
    <leader>00000nam  2200000   4500</leader>
    <controlfield tag="001">INLIS000000000013214</controlfield>
    <controlfield tag="005">20220905094650</controlfield>
    <datafield tag="035" ind1="#" ind2="#">
      <subfield code="a">0010-0822000015</subfield>
    </datafield>
    <datafield tag="245" ind1="1" ind2="#">
      <subfield code="a">Strategi Pengelolaan Data Untuk Kebutuhan Perencanaan Pembangunan (Si DATA KEREN) Badan Perencanaan Pembangunan Daerah, Penelitian dan Pengmebangan Pemerintah Kota Balikpapan /</subfield>
      <subfield code="c">Agus Budi Prasetyo, S.I.P., M.T.</subfield>
    </datafield>
    <datafield tag="100" ind1=" " ind2="#">
      <subfield code="a">PRASETYO,Agus Budi</subfield>
    </datafield>
    <datafield tag="250" ind1="#" ind2="#">
      <subfield code="a">1</subfield>
    </datafield>
    <datafield tag="300" ind1="#" ind2="#">
      <subfield code="a">viii,52 halaman.,lampiran :</subfield>
      <subfield code="b">ilustrasi ;</subfield>
      <subfield code="c">30 cm</subfield>
    </datafield>
    <datafield tag="260" ind1="#" ind2="#">
      <subfield code="a">Samarinda :</subfield>
      <subfield code="b">Puslatbang KDOD,</subfield>
      <subfield code="c">2020</subfield>
    </datafield>
    <datafield tag="084" ind1="#" ind2="#">
      <subfield code="a">PKN 300 2020</subfield>
    </datafield>
    <datafield tag="520" ind1="#" ind2="#">
      <subfield code="a">Laporan proyek perubahan ini menjelaskan belum sinergisnya tata kelola data di daerah sehingga walaupun daerah memproduksi data belum bisa ditampilkan dan belum layak menjadi bahan baku untuk mengeksekusi program dan kegiatan pembangunan. Inovasi pengembangan e-database SI DATA KEREN (Strategi Pengelolaan Data Untuk Kebutuhan Perencanaan  Pembangunan) adalah system informasi pengelolaan data integrasi berbasis data primer yang diintegrasikan dengan data spasial dari beberapa kelurahan dan dalam jangka panjang akan menjadi rumah besar seluruh entitas perencanaan dalam lingkup pemerintah Kota Balikpapan.</subfield>
    </datafield>
    <datafield tag="500" ind1="#" ind2="#">
      <subfield code="a">Coach : Prof. Dr. Sugeng Hariyadi, MBA&#13;
Penguji :Dr. Muhammad Firdaus, MBA&#13;
Mentor :Drs. H. Sayid MN. Fadli, M.Si</subfield>
    </datafield>
    <controlfield tag="008">220905################|##########|#|##</controlfield>
    <datafield tag="650" ind1="#" ind2="4">
      <subfield code="a">Proyek Perubahan</subfield>
    </datafield>
    <datafield tag="650" ind1="#" ind2="4">
      <subfield code="a">Kepemimpinan Nasional Tingkat II</subfield>
    </datafield>
    <datafield tag="650" ind1="#" ind2="4">
      <subfield code="a">sistem informasi</subfield>
    </datafield>
    <datafield tag="650" ind1="#" ind2="4">
      <subfield code="a">teknologi informasi</subfield>
    </datafield>
    <datafield tag="650" ind1="#" ind2="4">
      <subfield code="a">manajemen database</subfield>
    </datafield>
    <datafield tag="650" ind1="#" ind2="4">
      <subfield code="a">aplikasi pemerintah</subfield>
    </datafield>
    <datafield tag="650" ind1="#" ind2="4">
      <subfield code="a">rencana pembangunan</subfield>
    </datafield>
    <datafield tag="990" ind1="#" ind2="#">
      <subfield code="a">PKN/300/2020</subfield>
    </datafield>
  </record>
</collection>
